000 00600nam a2200229Ia 4500
003 OSt
005 20221007071905.0
006 a|||||r|||| 00| 0
007 ta
008 221006b |||||||| |||| 00| 0 eng d
024 _a1,019
037 _cTextual
040 _aFLL
_cFLL
_beng
041 _2eng
_aeng
082 _aX62:Z2, L2
100 _aDrover C.B.
_9689626
245 0 _aSheldons Practice and Law of Banking
250 _a10th
260 _aLondon
_bMacdonald & Evans Ltd. London
_c1972
942 _hX62:Z2, L2
_cTEXL
_2CC
999 _c1144588
_d1144588